000 00299nam a22001217a 4500
020 _a1576104907
082 _222
_a005.1
100 _aFogel, karl,
245 _aOpen source development with CVS /
260 _aUSA,
_bThe Corolis Group,
_cc1999.
300 _axviii, 316 p. ;
_bill. ;
942 _2ddc
_cIT
999 _c4135
_d4135